00253nam a2200109Ia 4500008004100000100002100041245002400062260002400086650001100110942000700121999001500128190216s9999||||xx |||||||||||||| ||und|| aArthur W Galston 0aLife Of Green Plant bPrentice Hallc1958 aBotany cBK c1027d1027